00417 2200157 4500001002100000005001500021035002000036245006600056100000900122300002600131260004600157082000800203084001400211020002200225990001200247INLIS00000000000316920251127083800 a0010-11250000301 aPenulis Cilik Punya Karya :bRed's Blue Quartet Girls /cAini0 aAini a172 hlm ;c15 x 21 cm aJakarta :bLingkar Pena Publishing,c2010 a813 a813 AIN p a978-602-8851-04-6 a0754535